30 Peores Ejércitos del Planeta - Estadísticas

Estadísticas generales
  • Esta prueba ha sido intentada 81 veces
    70 desde el último reinicio
  • La puntuación promedio es 10 de 30
Estadísticas de respuestas
Posición PwrIndx País % Correcto
135. 3.2877 Panamá
47%
142. 4.0196 Somalia
47%
117. 2.5685 Nicaragua
44%
119. 2.6327 Níger
42%
122. 2.7648 República del Congo
42%
139. 3.7178 Belice
38%
145. 6.2017 Bután
38%
123. 2.7081 Namibia
38%
140. 4.0003 Surinam
38%
144. 4.1269 Benín
36%
127. 2.8583 El Salvador
36%
129. 2.8728 Nepal
36%
116. 2.5261 Sudán del Sur
36%
143. 4.0861 Moldavia
35%
130. 2.9078 Madagascar
33%
125. 2.7961 Senegal
33%
138. 3.5241 Sierra Leona
33%
132. 3.0398 Mauritania
31%
124. 2.7851 Botsuana
29%
136. 3.2931 República Centroafricana
29%
126. 2.8202 Luxemburgo
27%
131. 2.9235 Gabón
25%
141. 4.0006 Liberia
25%
118. 2.5742 República Dominicana
25%
121. 2.6607 Burkina Faso
24%
137. 3.4845 Islandia
24%
134. 3.2863 Kosovo
24%
128. 2.8704 Montenegro
20%
120. 2.6403 Tayikistán
20%
133. 3.0788 Bosnia y Herzegovina
16%
No se encontraron pruebas coincidentes
Distribución de puntuación
Porcentaje de gente con cada puntuación
Porcentaje por número respondido
Historial de tus puntuaciones
No has intentado esta prueba desde el último reinicio